Normal view
MARC view
- الاسلام والاقتصاد- الاسلام والتنمية- الاسلام والاصلاح الاقتصادي
Entry Topical Term
001 - CONTROL NUMBER
- control field: 52424
003 - CONTROL NUMBER IDENTIFIER
- control field: JO-AjAnu
005 - DATE AND TIME OF LATEST TRANSACTION
- control field: 20230606082622.0
008 - FIXED-LENGTH DATA ELEMENTS
- fixed length control field: 230606|| aca||aabn | a|a d
040 ## - CATALOGING SOURCE
- Original cataloging agency: JO-AjAnu
- Transcribing agency: JO-AjAnu
150 ## - HEADING--TOPICAL TERM
- Topical term or geographic name entry element: الاسلام والاقتصاد- الاسلام والتنمية- الاسلام والاصلاح الاقتصادي
670 ## - SOURCE DATA FOUND
- Source citation: Work cat.: (JO-AjAnu)26789: شابرا، محمد عمر ؛ ترجمة محمود أحمد مهدي, author 52423, الرؤية الإسلامية للتنمية في ضوء مقاصد الشريعة